[Event "POL-ch U16"]
[Site "Leba"]
[Date "2004.04.04"]
[Round "11"]
[White "Mazurkiewicz, Michal"]
[Black "Majcher, Marcin"]
[Result "1-0"]
[WhiteElo "2110"]
[BlackElo "2051"]
[PlyCount "65"]
[EventDate "2004.03.27"]
[EventType "swiss"]
[EventRounds "11"]
[EventCountry "POL"]
[SourceTitle "EXT 2005"]
[Source "ChessBase"]
[SourceDate "2004.11.15"]
[SourceVersion "1"]
[SourceVersionDate "2004.11.15"]
[SourceQuality "1"]

1. e4 c5 2. Nf3 e6 3. d4 cxd4 4. Nxd4 Nc6 5. Nc3 Qc7 6. Be3 a6 7. g3 d6 8. Bg2 Bd7 9. 0-0 Be7 10. a4 Nf6 11. Nxc6 Bxc6 12. a5 Rc8 13. g4 Nd7 14. f4 0-0 15. g5 Rfe8 16. Qh5 Bf8 17. Rf3 g6 18. Qh4 Bg7 19. Rh3 Nf8 20. Bb6 Qb8 21. Rd1 d5 22. exd5 Bxd5 23. Bxd5 exd5 24. Nxd5 Rxc2 25. Nf6+ Bxf6 26. gxf6 Qc8 27. Rhd3 Qc6 28. Rd5 Ree2 29. Qh6 Rg2+ 30. Kf1 Qc4+ 31. R1d3 Rc1+ 32. Kxg2 Qe4+ 33. Kg3 1-0